Missing Word: Katharine Hepburn (A–Z) Quiz Stats

 Plays Quiz Updated Jun 15, 2016

Challenge
Share
Tweet
Embed
Score 0/24 Timer 04:00
0 Plays Today
Title Word % Correct
Much Ado About _______*Nothing
98.8%
Guess Who’s Coming to ______Dinner
98.5%
__ Golden PondOn
97.3%
Bringing __ BabyUp
96.7%
The ______ of the Shrew*Taming
96.6%
The Merchant of ______*Venice
96.2%
The African _____Queen
96.2%
Jane ____*Eyre
94.8%
Measure ___ Measure*for
94.7%
______ WomenLittle
92.5%
Long Day’s _______ into NightJourney
89.1%
Woman of the ____Year
88.1%
Title Word % Correct
Laura Lansing Slept ____**Here
84%
Suddenly, Last ______Summer
82.2%
The Lion in ______Winter
82.1%
Adam’s ___Rib
81.1%
Morning _____Glory
78.4%
Rooster _______Cogburn
73.5%
The ____________ StoryPhiladelphia
67.9%
Pat and ____Mike
51.1%
______ of the FlameKeeper
49.3%
The ____ PetticoatIron
39.3%
Alice _____Adams
29.4%
A ____ of DivorcementBill
27.9%

Today's Daily Dose

You're not logged in!

Compare scores with friends on all Sporcle quizzes.
Join for Free
OR
Log In

You Might Also Like...

Show Comments

Extras

Top Quizzes Today


Score Distribution

Your Account Isn't Verified!

In order to create a playlist on Sporcle, you need to verify the email address you used during registration. Go to your Sporcle Settings to finish the process.

Report this User

Report this user for behavior that violates our Community Guidelines.

Details: